Music Quiz

Random Music or Song Quiz

Their Greatest Hits - Arena Rock Quiz Stats

 Plays Quiz not verified by Sporcle

Challenge
Share
Tweet
Embed
Score 0/60 Timer 10:00
0 Plays Today
Band Song % Correct
BostonMore Than A Feeling
85.4%
SurvivorEye Of the Tiger
82.1%
JourneyDon't Stop Believin'
80.5%
BostonAmanda
79.7%
Rick SpringfieldJessie's Girl
73.2%
Bryan AdamsSummer Of '69
72.4%
FoghatSlow Ride
67.5%
HeartAlone
65%
ForeignerI Want To Know What Love Is
65%
JourneyOpen Arms
63.4%
Bad CompanyFeel Like Makin' Love
63.4%
Bryan Adams(Everything I Do) I Do It For You
61.8%
Bryan AdamsHeaven
59.3%
Pat BenatarLove Is A Battlefield
57.7%
ForeignerHot Blooded
55.3%
Pat BenatarHit Me With Your Best Shot
55.3%
REO SpeedwagonKeep On Loving You
52.8%
ForeignerWaiting For A Girl Like You
49.6%
REO SpeedwagonTake It On the Run
47.2%
REO SpeedwagonCan't Fight This Feeling
47.2%
ForeignerDouble Vision
45.5%
ForeignerFeels Like the First Time
44.7%
BostonDon't Look Back
43.9%
HeartThese Dreams
43.9%
JourneySeparate Ways (Worlds Apart)
43.1%
Pat BenatarWe Belong
40.7%
Bad CompanyCan't Get Enough
36.6%
LoverboyHot Girls In Love
35.8%
HeartNever
35.8%
SurvivorBurning Heart
35%
Band Song % Correct
JourneyWho's Crying Now
33.3%
HeartAll I Wanna Do Is Make Love To You
33.3%
Bad CompanyRock 'N' Roll Fantasy
29.3%
LoverboyLovin' Every Minute Of It
28.5%
BostonWe're Ready
20.3%
Bryan AdamsHave You Ever Really Loved A Woman?
20.3%
Pat BenatarInvincible
19.5%
SurvivorThe Search Is Over
18.7%
Pat BenatarShadows Of the Night
17.9%
SurvivorIs This Love
17.1%
Rick SpringfieldAffair Of the Heart
16.3%
Rick SpringfieldLove Somebody
16.3%
Rick SpringfieldI've Done Everything For You
13%
SurvivorHigh On You
12.2%
JourneyBe Good To Yourself
11.4%
Rick SpringfieldDon't Talk To Strangers
11.4%
LoverboyHeaven In Your Eyes
9.8%
REO SpeedwagonKeep the Fire Burnin'
8.9%
Bryan AdamsCan't Stop This Thing We Started
8.9%
FoghatI Just Want To Make Love To You
8.9%
Bad CompanyMovin' On
8.1%
Bad CompanyIf You Needed Somebody
8.1%
LoverboyWhen It's Over
7.3%
HeartWho Will You Run To
7.3%
BostonCan'tcha Say/Still In Love
6.5%
LoverboyThis Could Be the Night
6.5%
FoghatThird Time Lucky (First Time I Was A Fool)
3.3%
REO SpeedwagonThat Ain't Love
2.4%
FoghatDrivin' Wheel
2.4%
FoghatStone Blue
1.6%

You're not logged in!

Compare scores with friends on all Sporcle quizzes.
Join for Free
OR
Log In

You Might Also Like...

Show Comments

Extras

Top Quizzes Today


Score Distribution

Your Account Isn't Verified!

In order to create a playlist on Sporcle, you need to verify the email address you used during registration. Go to your Sporcle Settings to finish the process.

Report this User

Report this user for behavior that violates our Community Guidelines.

Details: